[Event "NB-Einzel Untergriesbach"]
[Site "Niederbayern"]
[Date "2013.04.04"]
[Round "1.1"]
[White "Heiduczek, Josef"]
[Black "Haselbeck, Franz"]
[Result "1-0"]
[WhiteElo "2205"]
[BlackElo "1856"]
[PlyCount "75"]
[EventDate "2013.04.??"]
[EventType "swiss"]
[EventRounds "7"]
[EventCountry "GER"]
[SourceDate "2015.06.26"]
[WhiteTeam "SC Rottal"]
[BlackTeam "SV Deggendorf"]
[WhiteTeamCountry "GER"]
[BlackTeamCountry "GER"]

1. e4 c6 2. d4 d5 3. Nc3 dxe4 4. Nxe4 Nf6 5. Nxf6+ gxf6 6. Bc4 Bf5 7. Ne2 Rg8
8. Ng3 Nd7 9. c3 Bg6 10. h4 Nb6 11. Bb3 Qd7 12. Qf3 h6 13. h5 Bh7 14. Rh4 Nd5
15. Bd2 a5 16. a4 Qe6+ 17. Be3 Qd6 18. O-O-O Nxc3 19. Bf4 e5 20. dxe5 Qc5 21.
Qxc3 fxe5 22. Bxe5 Be7 23. Qxc5 Bxc5 24. Ne4 Be7 25. Nf6+ Bxf6 26. Bxf6 c5 27.
Rh3 c4 28. Re3+ Kf8 29. Be7+ Kg7 30. Rg3+ Bg6 31. Bxc4 Rac8 32. b3 Rge8 33. Ba3
b5 34. axb5 a4 35. hxg6 fxg6 36. Rd7+ Kf6 37. Rf7+ Ke5 38. Re3+ 1-0

[Event "NB-Einzel Untergriesbach"]
[Site "Niederbayern"]
[Date "2013.04.04"]
[Round "1.2"]
[White "Kreilinger, Erich"]
[Black "Stadler, Alexander"]
[Result "0-1"]
[WhiteElo "1850"]
[BlackElo "2086"]
[PlyCount "110"]
[EventDate "2013.04.??"]
[EventType "swiss"]
[EventRounds "7"]
[EventCountry "GER"]
[SourceDate "2015.06.26"]
[WhiteTeam "TV 1862 Geiselhöring"]
[BlackTeam "SV Deggendorf"]
[WhiteTeamCountry "GER"]
[BlackTeamCountry "GER"]

1. d4 d5 2. Nf3 Nf6 3. c4 c6 4. Nc3 e6 5. e3 Nbd7 6. Bd3 dxc4 7. Bxc4 b5 8. Bd3
Bd6 9. a3 Bb7 10. b4 O-O 11. O-O Rc8 12. Qb3 a6 13. Be2 Bb8 14. g3 Qe7 15. Re1
Ng4 16. h3 Ngf6 17. Nh2 e5 18. Bb2 Rfe8 19. Qd1 Rcd8 20. Nf3 c5 21. Na2 exd4
22. exd4 Bxg3 23. fxg3 Qe3+ 24. Kg2 Ne5 25. dxe5 Rxd1 26. Bxd1 Qxe1 27. Bc3 Qe4
28. Kf2 Rd8 29. Be2 Rd3 30. exf6 Rxf3+ 31. Bxf3 Qxf3+ 32. Ke1 Qe3+ 33. Kd1 Bf3+
34. Kc2 Be4+ 35. Kd1 Bd3 36. Nc1 gxf6 37. bxc5 Be4 38. Bd2 Bf3+ 39. Kc2 Qxc5+
40. Bc3 Be4+ 41. Kd2 Qg5+ 42. Ke2 Qxg3 43. Bd4 Qxh3 44. Kd2 Qg2+ 45. Ne2 Qf3
46. Rg1+ Kf8 47. Rg3 Qf5 48. Bc3 h5 49. Bb4+ Ke8 50. Rg7 Qd5+ 51. Ke3 Bg6 52.
Bc3 h4 53. Kf2 h3 54. Nf4 Qc5+ 55. Kf1 h2 0-1

[Event "NB-Einzel Untergriesbach"]
[Site "Niederbayern"]
[Date "2013.04.04"]
[Round "1.3"]
[White "Heyne, Martin"]
[Black "Heyne, Regina"]
[Result "1-0"]
[WhiteElo "2043"]
[BlackElo "1745"]
[PlyCount "95"]
[EventDate "2013.04.??"]
[EventType "swiss"]
[EventRounds "7"]
[EventCountry "GER"]
[SourceDate "2015.06.26"]
[WhiteTeam "DJK-SV Schaibing"]
[BlackTeam "FC Bayern München"]
[WhiteTeamCountry "GER"]
[BlackTeamCountry "GER"]

1. Nf3 d5 2. g3 e6 3. Bg2 Nf6 4. O-O Be7 5. d4 Nbd7 6. c4 dxc4 7. Qa4 O-O 8.
Qxc4 c5 9. Rd1 Nb6 10. Qc2 cxd4 11. Rxd4 Bd7 12. Ne5 Qc8 13. Nc3 Rd8 14. Nxd7
Rxd7 15. Rxd7 Qxd7 16. Bf4 Rd8 17. Rd1 Qc8 18. Rxd8+ Bxd8 19. Qd3 Nbd7 20. Nb5
Be7 21. Nxa7 Qa8 22. Be3 Nc5 23. Qa3 Nfd7 24. Nb5 Qxa3 25. Nxa3 Na4 26. Nc4 b5
27. Bc6 bxc4 28. Bxa4 Ne5 29. Bd4 Bf6 30. Kg2 Kf8 31. Bb5 Ke7 32. f4 Nd7 33.
Bxf6+ Nxf6 34. Bxc4 Kd6 35. Kf3 Kc5 36. Bd3 h6 37. g4 Kd4 38. a4 Nd5 39. a5 Ne7
40. a6 Nc6 41. b4 Na7 42. b5 Kc5 43. h4 Nc8 44. Ke4 f6 45. g5 Nd6+ 46. Kf3 Kb6
47. gxh6 gxh6 48. Kg4 1-0

[Event "NB-Einzel Untergriesbach"]
[Site "Niederbayern"]
[Date "2013.04.04"]
[Round "1.5"]
[White "Mueller, Michael3"]
[Black "Sierian, Peter"]
[Result "1-0"]
[WhiteElo "2012"]
[BlackElo "1723"]
[PlyCount "29"]
[EventDate "2013.04.??"]
[EventType "swiss"]
[EventRounds "7"]
[EventCountry "GER"]
[SourceDate "2015.06.26"]
[WhiteTeam "SC Bayerwald Regen"]
[BlackTeam "TSV Aidenbach"]
[WhiteTeamCountry "GER"]
[BlackTeamCountry "GER"]

1. e4 b6 2. d4 Bb7 3. Nc3 e6 4. a3 Ne7 5. Be3 g6 6. Qd2 Bg7 7. Bh6 O-O 8. h4 d5
9. h5 dxe4 10. hxg6 fxg6 11. Bxg7 Kxg7 12. Qh6+ Kf7 13. Nh3 Qxd4 14. Ng5+ Ke8
15. Qxf8+ 1-0

[Event "NB-Einzel Untergriesbach"]
[Site "Niederbayern"]
[Date "2013.04.04"]
[Round "1.6"]
[White "Zinner, Bernhard"]
[Black "Theiß, Johann"]
[Result "1-0"]
[WhiteElo "1706"]
[BlackElo "1999"]
[PlyCount "83"]
[EventDate "2013.04.??"]
[EventType "swiss"]
[EventRounds "7"]
[EventCountry "GER"]
[SourceDate "2015.06.26"]
[WhiteTeam "TV 1862 Geiselhöring"]
[BlackTeam "SK Landau-Dingolfing"]
[WhiteTeamCountry "GER"]
[BlackTeamCountry "GER"]

1. d4 f5 2. c4 Nf6 3. Nf3 e6 4. Nc3 Bb4 5. Bd2 O-O 6. g3 d6 7. Bg2 Qe7 8. O-O
a5 9. a3 Bxc3 10. Bxc3 Ne4 11. Rc1 a4 12. Nd2 Nxc3 13. Rxc3 Nc6 14. d5 Nd8 15.
f4 e5 16. fxe5 dxe5 17. e4 f4 18. Qh5 g6 19. Qe2 g5 20. Qh5 Ra6 21. Bh3 Bxh3
22. Qxh3 Rg6 23. g4 Qc5+ 24. Rf2 Rb6 25. Rc2 Rff6 26. Qc3 Nf7 27. Kf1 h5 28.
gxh5 Rh6 29. Qh3 Qd4 30. Qc8+ Kg7 31. Nf3 Qxe4 32. Qxc7 Rb3 33. Qxf7+ Kxf7 34.
Nxg5+ Ke7 35. Nxe4 Rxh5 36. d6+ Kd8 37. Rc3 Rb6 38. c5 Rb5 39. Rg2 Rh8 40. Ng5
Rh5 41. Ne6+ Kd7 42. Nc7 1-0

[Event "NB-Einzel Untergriesbach"]
[Site "Niederbayern"]
[Date "2013.04.04"]
[Round "1.7"]
[White "Palmi, Herbert"]
[Black "Lichtmannecker, Hans"]
[Result "1-0"]
[WhiteElo "1993"]
[BlackElo "1653"]
[PlyCount "97"]
[EventDate "2013.04.??"]
[EventType "swiss"]
[EventRounds "7"]
[EventCountry "GER"]
[SourceDate "2015.06.26"]
[WhiteTeam "SC Bayerwald Regen"]
[BlackTeam "SV Aham"]
[WhiteTeamCountry "GER"]
[BlackTeamCountry "GER"]

1. e4 d6 2. Nc3 e5 3. Bc4 Nf6 4. d3 Be7 5. f4 exf4 6. Bxf4 Nc6 7. h3 Na5 8. Bb3
Nxb3 9. axb3 c6 10. Nf3 Nh5 11. Bh2 Bh4+ 12. Nxh4 Qxh4+ 13. Kf1 Ng3+ 14. Bxg3
Qxg3 15. Qf3 Qe5 16. g3 O-O 17. Kg2 Be6 18. Qf4 f5 19. Qxe5 dxe5 20. Ra5 b5 21.
Rf1 a6 22. exf5 Bxf5 23. g4 Bc8 24. Re1 Re8 25. Ne4 Be6 26. Nc5 Ra7 27. Rxa6
Bd5+ 28. Kg3 Rf7 29. Ne4 Ref8 30. Re2 Rf3+ 31. Kg2 Rf1 32. c4 bxc4 33. bxc4
Bxe4+ 34. dxe4 Rb1 35. Rxc6 Rff1 36. Rb6 Rg1+ 37. Kf2 Rbf1+ 38. Ke3 Rg3+ 39.
Kd2 Rxh3 40. c5 Rhh1 41. c6 Rc1 42. b4 Rhd1+ 43. Ke3 Rc3+ 44. Kf2 Rdc1 45. b5
Kf7 46. Rb7+ Ke6 47. Rxg7 Rb3 48. Rb7 Rxc6 49. bxc6 1-0

[Event "NB-Einzel Untergriesbach"]
[Site "Niederbayern"]
[Date "2013.04.04"]
[Round "1.8"]
[White "Neuwerth, Chulian"]
[Black "Wimmer, Martin"]
[Result "1/2-1/2"]
[WhiteElo "1358"]
[BlackElo "1990"]
[PlyCount "74"]
[EventDate "2013.04.??"]
[EventType "swiss"]
[EventRounds "7"]
[EventCountry "GER"]
[SourceDate "2015.06.26"]
[WhiteTeam "SC Castra Batava Passau"]
[BlackTeam "DJK-SV Schaibing"]
[WhiteTeamCountry "GER"]
[BlackTeamCountry "GER"]

1. e4 c6 2. d4 d5 3. exd5 cxd5 4. Nf3 Bg4 5. Be2 e6 6. O-O Bd6 7. Nc3 Nc6 8. b3
a6 9. h3 Bf5 10. Bd3 Nge7 11. Ne2 Rc8 12. a3 O-O 13. b4 Qc7 14. c3 Bxd3 15.
Qxd3 Ng6 16. Ng5 Nce7 17. Bd2 Nf5 18. Nf3 Nf4 19. Nxf4 Bxf4 20. Bxf4 Qxf4 21.
Rac1 b5 22. Rc2 Nd6 23. Ne5 Rc7 24. Rfc1 Rfc8 25. g3 Qe4 26. f3 Qf5 27. g4 Qf4
28. Qf1 Rxc3 29. Rxc3 Rxc3 30. Rxc3 Qxd4+ 31. Qf2 Qxc3 32. Qb6 Qe1+ 33. Kg2
Qe2+ 34. Kg1 Ne8 35. Qd8 Qe1+ 36. Kg2 Qe2+ 37. Kg1 Qe1+ 1/2-1/2

[Event "NB-Einzel Untergriesbach"]
[Site "Niederbayern"]
[Date "2013.04.04"]
[Round "1.9"]
[White "Schultes, Christoph"]
[Black "Seidl, Josef"]
[Result "1-0"]
[WhiteElo "1941"]
[BlackElo "1258"]
[PlyCount "73"]
[EventDate "2013.04.??"]
[EventType "swiss"]
[EventRounds "7"]
[EventCountry "GER"]
[SourceDate "2015.06.26"]
[WhiteTeam "SK Landau-Dingolfing"]
[BlackTeam "TSV Kreuzberg"]
[WhiteTeamCountry "GER"]
[BlackTeamCountry "GER"]

1. d4 d5 2. Nf3 Nf6 3. c4 c6 4. Nc3 Bf5 5. e3 e6 6. cxd5 exd5 7. Be2 Be7 8. O-O
O-O 9. Nh4 Be6 10. Nf3 Qc7 11. Qc2 a6 12. Ne5 Nbd7 13. f4 Nxe5 14. dxe5 Ne8 15.
Bd2 Qc8 16. Na4 Bf5 17. Qb3 Qc7 18. Rac1 b5 19. Nc5 Qb6 20. Qc3 Rc8 21. g4 Bxc5
22. Qxc5 Qxc5 23. Rxc5 Be4 24. Rfc1 f5 25. Rxc6 Rxc6 26. Rxc6 d4 27. Rc8 d3 28.
Bd1 Bd5 29. Bb4 a5 30. Bxf8 Kxf8 31. Rc5 Bc4 32. b3 Be6 33. g5 a4 34. bxa4 Bxa2
35. axb5 Bb1 36. b6 d2 37. b7 1-0

[Event "NB-Einzel Untergriesbach"]
[Site "Niederbayern"]
[Date "2013.04.04"]
[Round "1.10"]
[White "Pauli, Anton"]
[Black "Bichlmeier, Juergen"]
[Result "0-1"]
[WhiteElo "1133"]
[BlackElo "1922"]
[PlyCount "72"]
[EventDate "2013.04.??"]
[EventType "swiss"]
[EventRounds "7"]
[EventCountry "GER"]
[SourceDate "2015.06.26"]
[WhiteTeam "SV Röhrnbach e.V."]
[BlackTeam "SC Rottal"]
[WhiteTeamCountry "GER"]
[BlackTeamCountry "GER"]

1. d4 f5 2. Nf3 Nf6 3. Nc3 g6 4. Bg5 Bg7 5. e3 d6 6. Bc4 e6 7. O-O O-O 8. Rb1
c6 9. Re1 b5 10. Bd3 b4 11. Ne2 h6 12. Bxf6 Qxf6 13. c3 a5 14. c4 e5 15. dxe5
dxe5 16. e4 f4 17. b3 Ra7 18. Kh1 g5 19. Neg1 Na6 20. Re2 Nc5 21. Rd2 Ne6 22.
Be2 g4 23. Ne1 h5 24. Rd6 Qe7 25. f3 Nd4 26. Rg6 Kh7 27. Rxg7+ Qxg7 28. fxg4
hxg4 29. Nc2 Rd7 30. Bxg4 Rd6 31. Bxc8 Rxc8 32. Qh5+ Rh6 33. Qd1 Rg8 34. Qd2
Qg3 35. Nh3 Rxh3 36. gxh3 Qf3+ 0-1

[Event "NB-Einzel Untergriesbach"]
[Site "Niederbayern"]
[Date "2013.04.04"]
[Round "2.1"]
[White "Mueller, Michael3"]
[Black "Heiduczek, Josef"]
[Result "1/2-1/2"]
[WhiteElo "2012"]
[BlackElo "2205"]
[PlyCount "81"]
[EventDate "2013.04.??"]
[EventType "swiss"]
[EventRounds "7"]
[EventCountry "GER"]
[SourceDate "2015.06.26"]
[WhiteTeam "SC Bayerwald Regen"]
[BlackTeam "SC Rottal"]
[WhiteTeamCountry "GER"]
[BlackTeamCountry "GER"]

1. e4 c5 2. g3 Nc6 3. Bg2 g6 4. Ne2 Bg7 5. c3 b6 6. O-O Ba6 7. d3 e6 8. c4 Nge7
9. Nbc3 O-O 10. Rb1 Nd4 11. Nxd4 cxd4 12. Ne2 Bb7 13. b3 d5 14. exd5 exd5 15.
Ba3 Be5 16. cxd5 Re8 17. d6 Bxg2 18. Kxg2 Bxd6 19. Bb2 Be5 20. Ng1 Nf5 21. Rc1
Rc8 22. Qf3 Qg5 23. Qb7 Rb8 24. Qxa7 Qd2 25. Nf3 Qxd3 26. Nxe5 Qe4+ 27. Nf3
Nh4+ 28. gxh4 Qg4+ 29. Kh1 Qxf3+ 30. Kg1 Qg4+ 31. Kh1 Qf3+ 32. Kg1 Rb7 33. Qa4
Qg4+ 34. Kh1 Qf3+ 35. Kg1 Re4 36. Rc8+ Kg7 37. Bxd4+ f6 38. Bxf6+ Kh6 39. Rc4
Qg4+ 40. Kh1 Qf3+ 41. Kg1 1/2-1/2

[Event "NB-Einzel Untergriesbach"]
[Site "Niederbayern"]
[Date "2013.04.04"]
[Round "2.2"]
[White "Stadler, Alexander"]
[Black "Palmi, Herbert"]
[Result "1-0"]
[WhiteElo "2086"]
[BlackElo "1993"]
[PlyCount "113"]
[EventDate "2013.04.??"]
[EventType "swiss"]
[EventRounds "7"]
[EventCountry "GER"]
[SourceDate "2015.06.26"]
[WhiteTeam "SV Deggendorf"]
[BlackTeam "SC Bayerwald Regen"]
[WhiteTeamCountry "GER"]
[BlackTeamCountry "GER"]

1. Nf3 b5 2. e4 Bb7 3. Bxb5 Bxe4 4. Nc3 Bg6 5. d4 c6 6. Bd3 Nf6 7. O-O e6 8.
Re1 Be7 9. Bg5 Bxd3 10. Qxd3 h6 11. Bxf6 Bxf6 12. d5 cxd5 13. Nxd5 O-O 14.
Nxf6+ Qxf6 15. Ne5 Rd8 16. Qb5 Nc6 17. Nxc6 dxc6 18. Qe5 Qxe5 19. Rxe5 Rd5 20.
Re3 Rb8 21. b3 a5 22. Rc3 c5 23. Kf1 Kf8 24. Ke2 Ke7 25. Rd1 Kd6 26. Rcd3 Kc6
27. f4 Rb7 28. Ke3 Rxd3+ 29. Rxd3 a4 30. Rd8 axb3 31. axb3 Ra7 32. Rg8 f6 33.
h4 f5 34. Rc8+ Kd6 35. Rd8+ Kc6 36. Kd3 Rb7 37. g3 Kc7 38. Rg8 Kc6 39. Kc4 Rb4+
40. Kc3 Rb7 41. Kc4 Rb4+ 42. Kd3 Rb7 43. Ra8 Rd7+ 44. Ke3 Kb7 45. Re8 Kb6 46.
Rxe6+ Kb5 47. Re5 g6 48. c3 Rd6 49. b4 Kc4 50. Rxc5+ Kb3 51. b5 Kc2 52. Rc6
Rd3+ 53. Kf2 Rd2+ 54. Kf3 Rd3+ 55. Kg2 g5 56. fxg5 hxg5 57. hxg5 1-0

[Event "NB-Einzel Untergriesbach"]
[Site "Niederbayern"]
[Date "2013.04.04"]
[Round "2.3"]
[White "Bichlmeier, Juergen"]
[Black "Heyne, Martin"]
[Result "1/2-1/2"]
[WhiteElo "1922"]
[BlackElo "2043"]
[PlyCount "44"]
[EventDate "2013.04.??"]
[EventType "swiss"]
[EventRounds "7"]
[EventCountry "GER"]
[SourceDate "2015.06.26"]
[WhiteTeam "SC Rottal"]
[BlackTeam "DJK-SV Schaibing"]
[WhiteTeamCountry "GER"]
[BlackTeamCountry "GER"]

1. c4 c6 2. g3 d5 3. Bg2 Nf6 4. Nf3 Bf5 5. b3 e6 6. Bb2 h6 7. O-O Be7 8. d3 O-O
9. Nbd2 a5 10. Qc2 Na6 11. a3 Rc8 12. Ne5 Nd7 13. Nxd7 Qxd7 14. Bc3 b6 15. Qb2
f6 16. b4 a4 17. d4 b5 18. c5 Bg6 19. f4 f5 20. Nf3 Bf6 21. Ne5 Bxe5 22. dxe5
Bh5 1/2-1/2

[Event "NB-Einzel Untergriesbach"]
[Site "Niederbayern"]
[Date "2013.04.04"]
[Round "2.4"]
[White "Zepke, Armin"]
[Black "Schultes, Christoph"]
[Result "1-0"]
[WhiteElo "2032"]
[BlackElo "1941"]
[PlyCount "129"]
[EventDate "2013.04.??"]
[EventType "swiss"]
[EventRounds "7"]
[EventCountry "GER"]
[SourceDate "2015.06.26"]
[WhiteTeam "SC Bayerwald Regen"]
[BlackTeam "SK Landau-Dingolfing"]
[WhiteTeamCountry "GER"]
[BlackTeamCountry "GER"]

1. d4 Nf6 2. Bf4 g6 3. e3 Bg7 4. Nf3 d6 5. Be2 O-O 6. O-O Nbd7 7. h3 c5 8. c3
Qb6 9. Nbd2 d5 10. Qc2 Re8 11. Bh2 Nf8 12. c4 Bf5 13. Qb3 Qxb3 14. axb3 cxd4
15. exd4 Ne4 16. Nb1 Be6 17. c5 a6 18. b4 Bd7 19. Nc3 Nxc3 20. bxc3 f6 21. Rfd1
Kh8 22. c4 Be6 23. b5 dxc4 24. bxa6 bxa6 25. d5 Bc8 26. Bxc4 Nd7 27. Ra5 Ne5
28. Nxe5 fxe5 29. Re1 Rb8 30. Bxe5 Bxe5 31. Rxe5 Rb1+ 32. Kh2 Rc1 33. Ra4 Kg7
34. c6 Kf6 35. f4 Rd8 36. Bxa6 Bxa6 37. Rxa6 Rd6 38. Ra7 e6 39. dxe6 Rxe6 40.
Rxe6+ Kxe6 41. Rxh7 Rxc6 42. Kg3 Kf5 43. Rf7+ Ke6 44. Ra7 Rc2 45. Kf3 Kf6 46.
g3 Rb2 47. Kg4 Rb3 48. Kh4 Rf3 49. Kg4 Rb3 50. h4 Rc3 51. Ra5 Rb3 52. h5 gxh5+
53. Rxh5 Kg6 54. Re5 Ra3 55. Re6+ Kf7 56. f5 Rb3 57. Ra6 Rc3 58. Kf4 Rb3 59. g4
Rb4+ 60. Kg5 Rc4 61. Ra7+ Kf8 62. f6 Rb4 63. Kf5 Rb5+ 64. Kg6 Rb8 65. Rh7 1-0

[Event "NB-Einzel Untergriesbach"]
[Site "Niederbayern"]
[Date "2013.04.04"]
[Round "2.5"]
[White "Wimmer, Martin"]
[Black "Zinner, Bernhard"]
[Result "1/2-1/2"]
[WhiteElo "1990"]
[BlackElo "1706"]
[PlyCount "99"]
[EventDate "2013.04.??"]
[EventType "swiss"]
[EventRounds "7"]
[EventCountry "GER"]
[SourceDate "2015.06.26"]
[WhiteTeam "DJK-SV Schaibing"]
[BlackTeam "TV 1862 Geiselhöring"]
[WhiteTeamCountry "GER"]
[BlackTeamCountry "GER"]

1. e4 d5 2. exd5 Qxd5 3. Nc3 Qa5 4. d4 c6 5. Bc4 Nf6 6. Nge2 Bf5 7. O-O e6 8.
Re1 Bd6 9. Ng3 Bg6 10. Nce4 Nxe4 11. Nxe4 Be7 12. Bf4 Bxe4 13. Rxe4 Qf5 14. Bd3
Nd7 15. Bc7 Nf6 16. Re5 Qg4 17. Be2 Qg6 18. h3 Kd7 19. Ba5 Nd5 20. Bd2 f5 21.
c4 Nc7 22. Bf3 Rad8 23. Ba5 Bd6 24. Re3 Kc8 25. Qa4 Bf4 26. Rb3 Rd7 27. Bxc7
Rxc7 28. Qxa7 h6 29. d5 exd5 30. cxd5 Rd8 31. dxc6 bxc6 32. Rb8+ Kd7 33. Qd4+
Bd6 34. Rb6 Kc8 35. Qc4 c5 36. Rd1 Bh2+ 37. Kxh2 Qxb6 38. Rxd8+ Kxd8 39. Qg8+
Kd7 40. Qxg7+ Kd8 41. Qf8+ Kd7 42. Qxf5+ Qe6 43. Qh7+ Kd6 44. Qd3+ Ke7 45. g3
Rd7 46. Qc3 Rc7 47. Bg4 Qf6 48. Qe3+ Kf7 49. Kg2 Kg7 50. b3 1/2-1/2

[Event "NB-Einzel Untergriesbach"]
[Site "Niederbayern"]
[Date "2013.04.04"]
[Round "2.6"]
[White "Theiß, Johann"]
[Black "Neuwerth, Chulian"]
[Result "1-0"]
[WhiteElo "1999"]
[BlackElo "1358"]
[PlyCount "39"]
[EventDate "2013.04.??"]
[EventType "swiss"]
[EventRounds "7"]
[EventCountry "GER"]
[SourceDate "2015.06.26"]
[WhiteTeam "SK Landau-Dingolfing"]
[BlackTeam "SC Castra Batava Passau"]
[WhiteTeamCountry "GER"]
[BlackTeamCountry "GER"]

1. d4 Nf6 2. c4 c5 3. d5 d6 4. Nc3 e6 5. Nf3 exd5 6. cxd5 g6 7. Nd2 Bg7 8. e4
O-O 9. Be2 Nbd7 10. O-O a6 11. a4 Re8 12. Qc2 Ne5 13. a5 Bg4 14. f3 Bd7 15. f4
Neg4 16. Nf3 Nxe4 17. Nxe4 Bf5 18. Bd3 Bxe4 19. Bxe4 Bxb2 20. Bxb2 1-0

[Event "NB-Einzel Untergriesbach"]
[Site "Niederbayern"]
[Date "2013.04.04"]
[Round "2.7"]
[White "Haselbeck, Franz"]
[Black "Sierian, Peter"]
[Result "1-0"]
[WhiteElo "1856"]
[BlackElo "1723"]
[PlyCount "59"]
[EventDate "2013.04.??"]
[EventType "swiss"]
[EventRounds "7"]
[EventCountry "GER"]
[SourceDate "2015.06.26"]
[WhiteTeam "SV Deggendorf"]
[BlackTeam "TSV Aidenbach"]
[WhiteTeamCountry "GER"]
[BlackTeamCountry "GER"]

1. Nf3 Nf6 2. g3 g6 3. Bg2 Bg7 4. O-O O-O 5. d3 d6 6. e4 e5 7. Nbd2 Nbd7 8. a4
a5 9. Nc4 Nc5 10. Be3 Ne6 11. h3 b6 12. Qd2 Ba6 13. Na3 Qd7 14. Nb1 Rab8 15.
Nc3 Rfd8 16. Ng5 Bf8 17. Nxe6 Qxe6 18. Bg5 Re8 19. f4 exf4 20. Bxf6 Qxf6 21.
Nd5 Qd4+ 22. Kh1 Rb7 23. Qxf4 f5 24. Qg5 Kg7 25. exf5 c6 26. f6+ Kf7 27. Ne7
Rc7 28. Nxc6 Qc5 29. Bd5+ Re6 30. Nd8+ 1-0

[Event "NB-Einzel Untergriesbach"]
[Site "Niederbayern"]
[Date "2013.04.04"]
[Round "2.8"]
[White "Lichtmannecker, Hans"]
[Black "Kreilinger, Erich"]
[Result "0-1"]
[WhiteElo "1653"]
[BlackElo "1850"]
[PlyCount "78"]
[EventDate "2013.04.??"]
[EventType "swiss"]
[EventRounds "7"]
[EventCountry "GER"]
[SourceDate "2015.06.26"]
[WhiteTeam "SV Aham"]
[BlackTeam "TV 1862 Geiselhöring"]
[WhiteTeamCountry "GER"]
[BlackTeamCountry "GER"]

1. g4 d5 2. Bg2 c6 3. c4 e6 4. cxd5 exd5 5. Qb3 Nf6 6. h3 Na6 7. d4 Bd6 8. a3
Nc7 9. e3 Qe7 10. Ne2 O-O 11. Nbc3 Nd7 12. Qc2 Nb6 13. b3 f5 14. Kf1 fxg4 15.
hxg4 g6 16. g5 Ne6 17. e4 Nxg5 18. Qd2 Qf7 19. Qe3 dxe4 20. Bxe4 Nxe4 21. Nxe4
Nd5 22. Qh6 Bg4 23. Ra2 Rae8 24. N2g3 Be7 25. Bg5 Bf3 26. Rh2 Rd8 27. Bxe7 Qxe7
28. Ng5 Rd7 29. Nxf3 Rxf3 30. Re2 Qf8 31. Qg5 Re7 32. Re5 Rxe5 33. Qxe5 Re3 34.
Qg5 Rxb3 35. Qh4 Qe7 36. Qg4 Qf7 37. Qh4 Rb1+ 38. Ke2 Nf4+ 39. Kd2 Rb2+ 0-1

[Event "NB-Einzel Untergriesbach"]
[Site "Niederbayern"]
[Date "2013.04.04"]
[Round "2.9"]
[White "Seidl, Josef"]
[Black "Kuespert, Erwin"]
[Result "0-1"]
[WhiteElo "1258"]
[BlackElo "1778"]
[PlyCount "64"]
[EventDate "2013.04.??"]
[EventType "swiss"]
[EventRounds "7"]
[EventCountry "GER"]
[SourceDate "2015.06.26"]
[WhiteTeam "TSV Kreuzberg"]
[BlackTeam "DJK-SV Schaibing"]
[WhiteTeamCountry "GER"]
[BlackTeamCountry "GER"]

1. Nf3 g6 2. d4 Bg7 3. c3 d6 4. g3 Bg4 5. Bg2 c6 6. Nbd2 e5 7. O-O Qc8 8. Re1
Ne7 9. Qb3 Be6 10. Qc2 O-O 11. e4 h6 12. Nb3 Nd7 13. Be3 Nb6 14. Nfd2 Bh3 15.
Na5 Bxg2 16. Kxg2 f5 17. Ndc4 Qc7 18. b4 f4 19. gxf4 exf4 20. Bc1 d5 21. exd5
Nbxd5 22. f3 b6 23. Nb3 Nf5 24. Kf2 Rae8 25. Nbd2 Nxc3 26. Ne4 Bxd4+ 27. Kf1
Nxe4 28. Rxe4 Bxa1 29. Bxf4 Qd7 30. Ne5 Bxe5 31. Qc4+ Qd5 32. Bxe5 Qxc4+ 0-1

[Event "NB-Einzel Untergriesbach"]
[Site "Niederbayern"]
[Date "2013.04.04"]
[Round "2.10"]
[White "Heyne, Regina"]
[Black "Pauli, Anton"]
[Result "1-0"]
[WhiteElo "1745"]
[BlackElo "1133"]
[PlyCount "101"]
[EventDate "2013.04.??"]
[EventType "swiss"]
[EventRounds "7"]
[EventCountry "GER"]
[SourceDate "2015.06.26"]
[WhiteTeam "FC Bayern München"]
[BlackTeam "SV Röhrnbach e.V."]
[WhiteTeamCountry "GER"]
[BlackTeamCountry "GER"]

1. d4 d5 2. c4 e6 3. Nf3 Nf6 4. Bg5 Be7 5. e3 O-O 6. Bd3 c6 7. O-O Qb6 8. Qc2
h6 9. Bh4 Re8 10. Nbd2 Nbd7 11. h3 Kh8 12. a3 dxc4 13. Nxc4 Qd8 14. Bg3 b5 15.
Nce5 Nxe5 16. Nxe5 Rf8 17. Nxc6 Qd7 18. Nxe7 Qxe7 19. Bxb5 Bb7 20. Qc7 Qxc7 21.
Bxc7 a6 22. Bd3 Ne4 23. Rfd1 Bd5 24. f3 Nf6 25. Be5 Nd7 26. Bd6 Rfc8 27. Rdc1
Rxc1+ 28. Rxc1 Nb6 29. Rc7 f6 30. Bc5 Nc4 31. Bxc4 Bxc4 32. Bf8 Rxf8 33. Rxc4
Rb8 34. b4 Rb6 35. Kf2 Kg8 36. Ke2 Kf7 37. Rc7+ Kg6 38. Kd3 f5 39. Kc4 Kf6 40.
a4 g5 41. Kc5 Rb8 42. Rc6 Ra8 43. d5 a5 44. b5 Re8 45. Rxe6+ Rxe6 46. dxe6 Kxe6
47. Kc6 f4 48. exf4 gxf4 49. b6 h5 50. b7 h4 51. b8=Q 1-0

[Event "NB-Einzel Untergriesbach"]
[Site "Niederbayern"]
[Date "2013.04.05"]
[Round "3.1"]
[White "Zepke, Armin"]
[Black "Stadler, Alexander"]
[Result "1-0"]
[WhiteElo "2032"]
[BlackElo "2086"]
[PlyCount "129"]
[EventDate "2013.04.??"]
[EventType "swiss"]
[EventRounds "7"]
[EventCountry "GER"]
[SourceDate "2015.06.26"]
[WhiteTeam "SC Bayerwald Regen"]
[BlackTeam "SV Deggendorf"]
[WhiteTeamCountry "GER"]
[BlackTeamCountry "GER"]

1. d4 d5 2. Bf4 c5 3. e4 dxe4 4. d5 a6 5. Nc3 Nf6 6. a4 g6 7. Qd2 Bg7 8. Bc4
O-O 9. Nge2 e6 10. Bg5 Qa5 11. dxe6 Bxe6 12. Bxe6 fxe6 13. Nxe4 Qxd2+ 14. Nxd2
Nc6 15. O-O Nd4 16. Nxd4 cxd4 17. Bxf6 Bxf6 18. Ne4 Rac8 19. Rfc1 Bg7 20. c3
dxc3 21. bxc3 Rc6 22. Ra3 Rd8 23. a5 b5 24. axb6 Rxb6 25. Kf1 Ra8 26. Rca1 Rc6
27. R1a2 h6 28. f3 Kf7 29. c4 Bd4 30. c5 e5 31. Rb3 Ke6 32. Rb7 a5 33. Rg7 Kd5
34. Rc2 Re6 35. Rd7+ Kc6 36. Rd6+ Rxd6 37. cxd6+ Kd7 38. Ke2 Ra7 39. Kd3 a4 40.
Ra2 a3 41. Kc4 Kc6 42. Kb3 Bb2 43. Nd2 Kxd6 44. Nc4+ Kd5 45. Nxb2 axb2 46. Rxb2
Rb7+ 47. Kc3 Rxb2 48. Kxb2 e4 49. Kc3 exf3 50. gxf3 Ke5 51. Kd3 Kf4 52. Ke2 Kg5
53. Kf2 Kh4 54. Kg2 Kg5 55. Kg3 Kf5 56. Kg2 h5 57. Kg3 Ke5 58. Kf2 Kf4 59. Ke2
Kg5 60. Kf2 Kh4 61. Kg2 Kg5 62. Kf2 Kf5 63. Ke3 Ke5 64. Kd3 Kf4 65. Ke2 1-0

[Event "NB-Einzel Untergriesbach"]
[Site "Niederbayern"]
[Date "2013.04.05"]
[Round "3.2"]
[White "Heiduczek, Josef"]
[Black "Bichlmeier, Juergen"]
[Result "1-0"]
[WhiteElo "2205"]
[BlackElo "1922"]
[PlyCount "57"]
[EventDate "2013.04.??"]
[EventType "swiss"]
[EventRounds "7"]
[EventCountry "GER"]
[SourceDate "2015.06.26"]
[WhiteTeam "SC Rottal"]
[BlackTeam "SC Rottal"]
[WhiteTeamCountry "GER"]
[BlackTeamCountry "GER"]

1. e4 c5 2. Nf3 d6 3. d4 cxd4 4. Nxd4 Nf6 5. Nc3 a6 6. Be3 e5 7. Nb3 Be6 8. Qd2
Qc7 9. f3 h5 10. O-O-O Nbd7 11. Kb1 Be7 12. Nd5 Nxd5 13. exd5 Bf5 14. Bd3 Bxd3
15. Qxd3 Rc8 16. Nd2 Nc5 17. Bxc5 Qxc5 18. c3 b5 19. g4 hxg4 20. fxg4 Rh6 21.
Rdf1 f6 22. Qf5 Qc7 23. g5 fxg5 24. Ne4 Qd7 25. Qf7+ Kd8 26. Qxg7 Rh4 27. Nxg5
Bxg5 28. Qxg5+ Qe7 29. Rf8+ 1-0